1821 1670 1000 1792 1384 1318 1400 1590 1926 1719 1423 1540 1488 1644 1622 1828 1489 1387 1896 1687 1864 1315 1128 1919 1315 1322 1366 1059 1290 1237 1371 1354 1561 1349 1920 1737 1041 1047 1957 1223 1603 1010 1408 1824 1775 1611 1124 1005 1707 1142 1391 1410 1931 1603 1423 1159 1372 1996 1241 1479 1880 1161 1054 1690 1522 1388 1712 1346 1254 1530 1776 1704 1861 1929 1518 1116 1497 1402 1444 1313 1924 1881 1498 1278 1176 1430 1498 1099 1833 1460 1435 1748 1854 1483 1241 1265 1496 1800 1373 BCNSPRNW ULIB Ver.6.0+V

เปลี่ยนเป็นภาษาไทย

Change to English
 แสดงรายละเอียดบรรณานุกรม
  กลับหน้าหลัก

Brief Record : Get Marc (ISO 2709) : E-mail record : QR code < ปิดหน้าต่าง
LEADER : 00000nam 2200000uu 4500
001    13399126234
003     ULIB
008    180824s2561||||th 000 0 tha d
020    ^a9786162791260
060  4 ^aWY159^bต367 ล.2
110 1  ^aมหาวิทยาลัยมหิดล. ^bคณะพยาบาลศาสตร์. ^bภาควิชาการพยาบาลกุมารเวชศาสตร์.
245 10 ^aตำราการพยาบาลเด็ก^nเล่ม 2 /^cโดยคณาจารย์ภาควิชาการพยาบาลกุมารเวชศาสตร์ คณะพยาบาลศาสตร์ มหาวิทยาลัยมหิดล ;^cศรีสมบูรณ์ มุสิกสุคนธ์...[และคนอื่นๆ]บรรณาธิการ
250    ^aพิมพ์ครั้งที่ 5 (ฉบับปรับปรุงครั้งที่ 2)
260    ^aกรุงเทพฯ :^bโครงการตำรา คระพยาบาลศาสตร์ มหาวิทยาลัยมหิดล,^c2561
300    ^a619-1219หน้า:^bภาพประกอบ;^c30ซม.
650  0 ^aการพยาบาลกุมารเวชศาสตร์
650  0 ^aเด็ก^xการดูแล
650  0 ^aเด็ก^xการเลี้ยงดู
650  0 ^aทารกแรกเกิด^xการดูแล
700 0  ^aศรีสมบูรณ์ มุสิกสุคนธ์,^eบรรณาธิการ
945    ^p500^l0^i004313
945    ^p500^l0^i004311
945    ^p500^l0^i004312
999    ^aประนอม เกษจรัล
รายการนี้ยังไม่มีแท็ก
คุณยังไม่ได้ล็อกอิน คุณสามารถมีกิจกรรมร่วมกับเว็บไซต์ได้ แต่ต้องล็อกอินก่อน ::
  ล็อกอิน

รายการสื่อสารสนเทศ

ลำดับที่ ประเภท เลขเรียก/บาร์โค้ด สถานที่ สถานะ
1. วิทยาศาสตร์การแพทย์ และสุขภาพ
หนังสือสำรอง
สถานะ=หนังสือสำรอง
WY159 ต367 ล.2 ฉ.1 
  Barcode: 004311
ห้องสมุดวิทยาเขตสวรรค์ประชารักษ์
►หนังสือทั่วไป
บนชั้น
2. วิทยาศาสตร์การแพทย์ และสุขภาพ
วิทยาศาสตร์การแพทย์ และสุขภาพ
WY159 ต367 ล.2 ฉ.2 
  Barcode: 004312
ห้องสมุดวิทยาเขตสวรรค์ประชารักษ์
►หนังสือทั่วไป
บนชั้น
3. วิทยาศาสตร์การแพทย์ และสุขภาพ
วิทยาศาสตร์การแพทย์ และสุขภาพ
WY159 ต367 ล.2 ฉ.3 
  Barcode: 004313
ห้องสมุดวิทยาเขตสวรรค์ประชารักษ์
►หนังสือทั่วไป
บนชั้น

รายการใกล้เคียง
    หัวเรื่อง [การพยาบาลกุมารเวชศาสตร์]
    หัวเรื่อง [เด็ก การดูแล]

BibComment


ยังไม่เคยถูกคอมเมนท์

คอมเมนท์ทรัพยากรรายการนี้
  คอมเมนท์: ตำราการพยาบาลเด็..


 Copyright 2026. Bcnsprnw @Library